000 01529cam a2200349 i 4500
001 19543966
003 OSt
005 20230926161006.0
008 170308s2017 enk 001 0 eng
010 _a 2017011081
020 _z9789332507586
040 _aDLC
_beng
_cDLC
_erda
_dDLC
042 _apcc
050 0 0 _aTA330
_b.C76 2017
082 0 0 _a621.0151
_bCRO/E
100 1 _aCroft, Tony,
_d1957-
_eauthor.
_99626
245 1 0 _aEngineering mathematics :
_ba foundation for electronic, electrical, communications and systems engineers /
_cAnthony Croft, Loughborough University, Robert Davison, Martin Hargreaves, Chartered Physicist, James Flint, Loughborough University.
250 _aFourth edition.
264 1 _aHarlow, England ;
_aNew York :
_bPearson,
_c[2013]
300 _a961 pages ;
_c25 cm
336 _atext
_btxt
_2rdacontent
337 _aunmediated
_bn
_2rdamedia
338 _avolume
_bnc
_2rdacarrier
500 _aRevised edition of: Engineering mathematics : a foundation for electronic, electrical, communications, and systems engineers / Anthony Croft, Robert Davison, Martin Hargreaves. 3rd editon. 2001.
500 _aIncludes index.
650 0 _aEngineering mathematics.
650 0 _aElectrical engineering
_xMathematics.
650 0 _aElectronics
_xMathematics.
906 _a7
_bcbc
_corignew
_d1
_eecip
_f20
_gy-gencatlg
942 _2ddc
_cBK
_h621.0151
_iCRO/E
_k621.0151
_mCRO/E
999 _c42409
_d42409